Ekonomické aspekty rozvoja slovenského poľnohospodárstva na začiatku budúceho tisícročia

Bibliographic Details
Main Authors: Blaas, Gejza (Author), Božík, Marian (Author)
Format: Article
Language:Slovak

MARC

LEADER 00000nab a2200000ua 4500
001 vtls010787451
003 SK-MaSNL
005 20260303152543.0
008 230222s2000 xo |||||||||||||||||slo|
035 |a (urnnbn)urn:nbn:sk:snk:ar-a00vlf 
035 |a (uuid)070a0acf-466e-4e91-b209-7a4eea2c8dc3 
035 |a urn:nbn:sk:snk-ab4bzi 
040 |a SNKBUCL  |b slo  |c SNKBUCL  |e AACR2 
041 0 |a slo 
044 |a xo  |c SK 
100 1 |a Blaas, Gejza  |4 aut  |9 541198 
245 1 0 |a Ekonomické aspekty rozvoja slovenského poľnohospodárstva na začiatku budúceho tisícročia  |c Gejza Blaas, Marian Božík 
700 1 |a Božík, Marian  |4 aut  |9 10434 
773 0 |t Moderná mechanizácia v poľnohospodárstve : odborný časopis o technike a technológiách v poľnohospodárstve  |g Roč. 3, č. 5 (2000), s. [1]-4 
954 |a odborná, vedecká literatúra pôvodná (slovenská)  |2 lita 
958 |a OND 
958 |a EUIPO 
958 |a article3 
999 |c 2023821  |d 2025751